Histoire (dé)coloniale de la philosophie française : De la Renaissance à nos jours (notice n° 2160890)

détails MARC
000 -LEADER
fixed length control field 01537cam a2200133 4500500
005 - DATE AND TIME OF LATEST TRANSACTION
control field 20260405033311.0
041 ## - LANGUAGE CODE
Language code of text/sound track or separate title fre
042 ## - AUTHENTICATION CODE
Authentication code dc
100 10 - MAIN ENTRY--PERSONAL NAME
Personal name Hoquet, Thierry
Relator term author
245 00 - TITLE STATEMENT
Title Histoire (dé)coloniale de la philosophie française : De la Renaissance à nos jours
260 ## - PUBLICATION, DISTRIBUTION, ETC.
Name of publisher, distributor, etc. Presses Universitaires de France,<br/>
Date of publication, distribution, etc. 2025.<br/>
520 ## - SUMMARY, ETC.
Summary, etc. Y eut-il un philosophe français pour protester contre la conquête d’Alger en 1830 ? Les cours de philosophie, généralement, ne nous l’apprennent pas. Et c’est ce vide que vient combler cette nouvelle histoire de la philosophie française, qui n’est pas une somme de problèmes abstraits, l’incarnation hexagonale ou francophone d’une philosophie pérenne. Elle naît de la rencontre des autres peuples au fil de diverses entreprises coloniales, à mesure que se modifient les contours de la France : « Nouvelle-France », « France antarctique » ou « équinoxiale », « Grande France ». La philosophie française ne naît donc pas avec le cogito de Descartes, mais dans une scène exemplaire, quand Montaigne, en 1562, rencontre à Rouen trois Tupinambas du Brésil, et en rend compte dans son essai « Des cannibales ». Le point de vue des autres sur la société française, tel qu’il s’exprime dans les textes des philosophes, renouvelle profondément notre regard et nous permet de penser autrement.
856 41 - ELECTRONIC LOCATION AND ACCESS
Uniform Resource Identifier <a href="https://shs.cairn.info/histoire-decoloniale-de-la-philosophie-francaise--9782130875901?lang=fr&redirect-ssocas=7080">https://shs.cairn.info/histoire-decoloniale-de-la-philosophie-francaise--9782130875901?lang=fr&redirect-ssocas=7080</a>

Pas d'exemplaire disponible.

PLUDOC

PLUDOC est la plateforme unique et centralisée de gestion des bibliothèques physiques et numériques de Guinée administré par le CEDUST. Elle est la plus grande base de données de ressources documentaires pour les Étudiants, Enseignants chercheurs et Chercheurs de Guinée.

Adresse

627 919 101/664 919 101

25 boulevard du commerce
Kaloum, Conakry, Guinée

Réseaux sociaux

Powered by Netsen Group @ 2025